[Event "Regionalliga NW 1516"]
[Site "Bayern"]
[Date "2016.01.31"]
[Round "6.5"]
[White "Weikert, Benedikt"]
[Black "Kinkelin, Ulrich"]
[Result "0-1"]
[WhiteElo "1705"]
[BlackElo "1891"]
[PlyCount "42"]
[EventDate "2015.10.11"]
[EventType "team-tourn"]
[EventRounds "9"]
[EventCountry "GER"]
[SourceTitle "EXT 2018"]
[Source "ChessBase"]
[SourceDate "2017.10.13"]
[SourceVersion "1"]
[SourceVersionDate "2017.10.13"]
[SourceQuality "1"]
[WhiteTeam "Bad Koenigshofen"]
[BlackTeam "Wuerzburg"]
[WhiteTeamCountry "GER"]
[BlackTeamCountry "GER"]

1. d4 Nf6 2. Nf3 d5 3. c4 c6 4. Nc3 Bf5 5. Bf4 e6 6. e3 Bd6 7. Qb3 Bxf4 8. Qxb7 Qc7 9. Qxa8 0-0 10. exf4 dxc4 11. Ne5 Nfd7 12. Bxc4 Nb6 13. Nb5 cxb5 14. Qf3 Nxc4 15. 0-0 Nd2 16. Qh5 Nxf1 17. Rxf1 Nd7 18. g4 Bg6 19. Qh4 Nxe5 20. fxe5 Qd8 21. g5 h6 0-1

[Event "Regionalliga NW 1516"]
[Site "Bayern"]
[Date "2016.01.17"]
[Round "5.6"]
[White "Moenius, Alexander"]
[Black "Kinkelin, Ulrich"]
[Result "1/2-1/2"]
[WhiteElo "1850"]
[BlackElo "1891"]
[PlyCount "47"]
[EventDate "2015.10.11"]
[EventType "team-tourn"]
[EventRounds "9"]
[EventCountry "GER"]
[SourceTitle "EXT 2018"]
[Source "ChessBase"]
[SourceDate "2017.10.13"]
[SourceVersion "1"]
[SourceVersionDate "2017.10.13"]
[SourceQuality "1"]
[WhiteTeam "Hoechstadt/Aisch"]
[BlackTeam "Wuerzburg"]
[WhiteTeamCountry "GER"]
[BlackTeamCountry "GER"]

1. Nf3 Nf6 2. d4 c5 3. c3 cxd4 4. cxd4 d5 5. Bf4 Nc6 6. Nc3 Qb6 7. Na4 Qb4+ 8. Bd2 Qd6 9. Nc3 a6 10. Qc1 Bf5 11. Bf4 Qd8 12. a3 e6 13. e3 Bd6 14. Bxd6 Qxd6 15. Qd1 0-0 16. Bd3 Bxd3 17. Qxd3 b5 18. b4 Rfc8 19. 0-0 Nd7 20. Rfc1 Nb6 21. Nd2 Nc4 22. Rcb1 Nxd2 23. Qxd2 Rcb8 24. Qd3 1/2-1/2

[Event "Landesliga Nord 1314"]
[Site "Bayern"]
[Date "2013.11.24"]
[Round "3.8"]
[White "Krauss, Josef"]
[Black "Kinkelin, Ulrich"]
[Result "1/2-1/2"]
[WhiteElo "2185"]
[BlackElo "2002"]
[PlyCount "58"]
[EventDate "2013.10.13"]
[EventType "team"]
[EventRounds "9"]
[EventCountry "GER"]
[SourceTitle "EXT 2015"]
[Source "ChessBase"]
[SourceDate "2014.11.20"]
[SourceVersion "1"]
[SourceVersionDate "2014.11.20"]
[SourceQuality "1"]
[WhiteTeam "Schweinfurt"]
[BlackTeam "Wuerzburg"]
[WhiteTeamCountry "GER"]
[BlackTeamCountry "GER"]

1. e4 d5 2. exd5 Nf6 3. c4 e6 4. d4 Bb4+ 5. Bd2 Bxd2+ 6. Qxd2 exd5 7. Bd3 dxc4 8. Bxc4 0-0 9. Nc3 Qe7+ 10. Nge2 c6 11. 0-0 Be6 12. Bxe6 Qxe6 13. Rfe1 Na6 14. Ng3 Qd7 15. Qg5 h6 16. Qf4 Kh7 17. Qf5+ Qxf5 18. Nxf5 Rad8 19. Re7 g6 20. Ng3 Rb8 21. Nge4 Kg7 22. Nd6 Rbd8 23. Nxb7 Rxd4 24. Na5 Rd2 25. Rxa7 Nc5 26. Nc4 Rc2 27. a4 Nd5 28. Nxd5 cxd5 29. Ne3 Rxb2 1/2-1/2

[Event "Landesliga Nord 1314"]
[Site "Bayern"]
[Date "2013.11.10"]
[Round "2.8"]
[White "Kinkelin, Ulrich"]
[Black "Redzepovic, Irfan"]
[Result "0-1"]
[WhiteElo "2002"]
[BlackElo "2139"]
[PlyCount "54"]
[EventDate "2013.10.13"]
[EventType "team"]
[EventRounds "9"]
[EventCountry "GER"]
[SourceTitle "EXT 2015"]
[Source "ChessBase"]
[SourceDate "2014.11.20"]
[SourceVersion "1"]
[SourceVersionDate "2014.11.20"]
[SourceQuality "1"]
[WhiteTeam "Wuerzburg"]
[BlackTeam "Nuernberg Sued SW"]
[WhiteTeamCountry "GER"]
[BlackTeamCountry "GER"]

1. d4 d5 2. c4 c6 3. Nc3 Nf6 4. Qb3 e6 5. Bg5 Nbd7 6. Nf3 Be7 7. e3 0-0 8. Bd3 dxc4 9. Bxc4 b5 10. Bd3 Nc5 11. Qc2 Nxd3+ 12. Qxd3 b4 13. Bxf6 gxf6 14. Ne4 a5 15. Qc2 Ba6 16. Nc5 Bb5 17. a3 bxa3 18. bxa3 a4 19. Rc1 Qd5 20. e4 Qh5 21. Qc3 Kh8 22. Qe3 Rg8 23. g3 Bf8 24. Nh4 Bh6 25. f4 Bxf4 26. gxf4 Qxh4+ 27. Qf2 Qh3 0-1

[Event "Regionalliga NW 1213"]
[Site "Bayern"]
[Date "2013.01.13"]
[Round "5.5"]
[White "Seifert, Harald"]
[Black "Kinkelin, Ulrich"]
[Result "0-1"]
[WhiteElo "1892"]
[BlackElo "1938"]
[PlyCount "52"]
[EventDate "2012.10.14"]
[EventType "team-tourn"]
[EventRounds "9"]
[EventCountry "GER"]
[SourceTitle "EXT 2015"]
[Source "ChessBase"]
[SourceDate "2014.11.20"]
[SourceVersion "1"]
[SourceVersionDate "2014.11.20"]
[SourceQuality "1"]
[WhiteTeam "Coburg"]
[BlackTeam "Wuerzburg II"]
[WhiteTeamCountry "GER"]
[BlackTeamCountry "GER"]

1. c4 d6 2. Nc3 g6 3. g3 Bg7 4. Bg2 e5 5. e4 Ne7 6. Nge2 f5 7. d3 0-0 8. 0-0 Na6 9. Be3 Nc5 10. Qd2 Ne6 11. f4 Nc6 12. Rf2 fxe4 13. dxe4 Ned4 14. Raf1 Nxe2+ 15. Nxe2 Be6 16. b3 Qd7 17. Nc3 Bh3 18. Bxh3 Qxh3 19. Nd5 exf4 20. gxf4 Rf7 21. Qd3 Raf8 22. Rf3 Qg4+ 23. Kh1 Ne5 24. fxe5 Rxf3 25. Rg1 Qh3 26. Ne7+ Kh8 0-1

[Event "Regionalliga NW 1112"]
[Site "Bayern"]
[Date "2012.03.18"]
[Round "8.6"]
[White "Reissner, Andreas"]
[Black "Kinkelin, Ulrich"]
[Result "1-0"]
[WhiteElo "2026"]
[BlackElo "1970"]
[PlyCount "89"]
[EventDate "2011.10.02"]
[EventType "team-tourn"]
[EventRounds "9"]
[EventCountry "GER"]
[SourceTitle "EXT 2015"]
[Source "ChessBase"]
[SourceDate "2014.11.20"]
[SourceVersion "1"]
[SourceVersionDate "2014.11.20"]
[SourceQuality "1"]
[WhiteTeam "Marktleuthen"]
[BlackTeam "Wuerzburg II"]
[WhiteTeamCountry "GER"]
[BlackTeamCountry "GER"]

1. e4 d5 2. exd5 Nf6 3. d4 Bg4 4. Be2 Bxe2 5. Nxe2 Qxd5 6. 0-0 Nc6 7. Nbc3 Qf5 8. a3 0-0-0 9. Be3 e5 10. d5 Ne7 11. Ng3 Qg6 12. Qe2 Nexd5 13. Bxa7 Bd6 14. Nb5 h5 15. Nxd6+ Rxd6 16. c4 h4 17. cxd5 hxg3 18. fxg3 Rxd5 19. Rac1 Qh6 20. h3 Rd2 21. Qxe5 Rd7 22. Be3 Qg6 23. Bf4 Nd5 24. Rfd1 Qb6+ 25. Kh1 Nxf4 26. Rxd7 Kxd7 27. Qxf4 Kc8 28. Qxf7 Qd6 29. Qf4 Qd7 30. Rf1 c6 31. Qf5 Rd8 32. h4 b5 33. Qxd7+ Rxd7 34. Rc1 Kb7 35. Rc3 Kb6 36. b4 Rd4 37. Kh2 Rc4 38. Rf3 Rg4 39. Kh3 Rg6 40. g4 c5 41. h5 Rd6 42. bxc5+ Kxc5 43. Kh4 Rd2 44. g3 Ra2 45. Kg5 1-0

[Event "Regionalliga NW 0910"]
[Site "Bayern"]
[Date "2010.03.21"]
[Round "8.8"]
[White "Kinkelin, Ulrich"]
[Black "Deml, Tilo"]
[Result "1-0"]
[WhiteElo "1982"]
[BlackElo "1983"]
[PlyCount "75"]
[EventDate "2009.10.18"]
[EventType "team-tourn"]
[EventRounds "9"]
[EventCountry "GER"]
[SourceTitle "EXT 2011"]
[Source "ChessBase"]
[SourceDate "2010.11.26"]
[SourceVersion "1"]
[SourceVersionDate "2010.11.26"]
[SourceQuality "1"]
[WhiteTeam "Wuerzburg II"]
[BlackTeam "Marktleuthen"]
[WhiteTeamCountry "GER"]
[BlackTeamCountry "GER"]

1. d4 Nf6 2. c4 g6 3. Nc3 Bg7 4. e4 d6 5. f3 0-0 6. Be3 e5 7. Nge2 Nc6 8. d5 Ne7 9. g4 h5 10. gxh5 Nxh5 11. Qd2 f5 12. Bh6 f4 13. Bxg7 Kxg7 14. 0-0-0 Rf6 15. Kb1 c6 16. Nc1 cxd5 17. Nxd5 Nxd5 18. Qxd5 Qb6 19. c5 Qxc5 20. Qxc5 dxc5 21. Nd3 Rd6 22. Be2 Kf6 23. Nxc5 Rxd1+ 24. Rxd1 b6 25. Nd7+ Bxd7 26. Rxd7 Ke6 27. Rh7 Kf6 28. Rd7 Ke6 29. Rh7 Kf6 30. Rc7 Ng7 31. Bc4 Ne8 32. Rf7+ Kg5 33. Rh7 Kf6 34. Bd5 Rc8 35. Rf7+ Kg5 36. Re7 Nc7 37. Bb7 Kf6 38. Rh7 1-0

[Event "Regionalliga NW 0910"]
[Site "Bayern"]
[Date "2010.02.07"]
[Round "6.6"]
[White "Kinkelin, Ulrich"]
[Black "Scheidt, Joerg"]
[Result "1-0"]
[WhiteElo "1982"]
[BlackElo "1990"]
[PlyCount "104"]
[EventDate "2009.10.18"]
[EventType "team-tourn"]
[EventRounds "9"]
[EventCountry "GER"]
[SourceTitle "EXT 2011"]
[Source "ChessBase"]
[SourceDate "2010.11.26"]
[SourceVersion "1"]
[SourceVersionDate "2010.11.26"]
[SourceQuality "1"]
[WhiteTeam "Wuerzburg II"]
[BlackTeam "Hof"]
[WhiteTeamCountry "GER"]
[BlackTeamCountry "GER"]

1. e4 e6 2. d4 c5 3. d5 exd5 4. exd5 d6 5. Nf3 Nf6 6. c4 g6 7. Nc3 a6 8. a4 Bg7 9. Qe2+ Qe7 10. Qxe7+ Kxe7 11. Bd3 Bg4 12. Nd2 Nbd7 13. h3 Ne5 14. Bc2 Bf5 15. Bxf5 gxf5 16. 0-0 Rae8 17. Rb1 Rhg8 18. Rd1 Kd8 19. b3 Nfd7 20. Ne2 Nd3 21. Nf3 Nxc1 22. Nxc1 Bf6 23. Nd3 Re4 24. Nd2 Re7 25. Re1 Rge8 26. Rxe7 Rxe7 27. Re1 Rxe1+ 28. Nxe1 Kc7 29. Kf1 Kb6 30. Ke2 Ka5 31. Kd3 Bd4 32. f3 Ne5+ 33. Kc2 Ng6 34. Nd3 Nh4 35. g3 Ng2 36. b4+ Kxa4 37. bxc5 Ne3+ 38. Kb1 dxc5 39. d6 b6 40. d7 Bf6 41. Ne5 Kb4 42. Nxf7 Nxc4 43. Nxc4 Kxc4 44. d8Q Bxd8 45. Nxd8 Kd3 46. Ne6 Ke3 47. g4 fxg4 48. fxg4 h6 49. Nd8 Kd2 50. h4 c4 51. Ne6 c3 52. Nd4 Kd3 1-0

[Event "Regionalliga NW 0607"]
[Site "Bayern"]
[Date "2007.04.22"]
[Round "9.8"]
[White "Sittinger, Lutz"]
[Black "Kinkelin, Ulrich"]
[Result "1/2-1/2"]
[WhiteElo "1832"]
[BlackElo "1883"]
[PlyCount "102"]
[EventDate "2006.10.15"]
[EventType "team-tourn"]
[EventRounds "9"]
[EventCountry "GER"]
[SourceTitle "EXT 2008"]
[Source "ChessBase"]
[SourceDate "2007.11.25"]
[SourceVersion "1"]
[SourceVersionDate "2007.11.25"]
[SourceQuality "1"]
[WhiteTeam "Schweinheim"]
[BlackTeam "Wuerzburg II"]
[WhiteTeamCountry "GER"]
[BlackTeamCountry "GER"]

1. d4 Nf6 2. c4 c5 3. d5 b5 4. cxb5 a6 5. bxa6 Bxa6 6. Nc3 d6 7. e4 Bxf1 8. Kxf1 g6 9. Nf3 Bg7 10. g3 0-0 11. Kg2 Na6 12. a3 Qb6 13. Re1 Nd7 14. Re2 h6 15. Be3 Rfb8 16. Rc1 Qb7 17. Qd2 Kh7 18. h4 Nb6 19. Qd3 Nd7 20. Rcc2 Qb3 21. Bf4 Nb6 22. e5 Nc4 23. e6 Nxb2 24. Rxb2 Qxc3 25. Qxc3 Bxc3 26. Rxb8 Rxb8 27. exf7 Bf6 28. g4 g5 29. hxg5 hxg5 30. Bxg5 Kg6 31. Bxf6 Kxf6 32. Re6+ Kxf7 33. Ng5+ Ke8 34. Rh6 Kd7 35. Ne4 Nc7 36. Rh5 Ra8 37. Nd2 Rxa3 38. Nc4 Rb3 39. Rf5 Rb4 40. Ne3 Rd4 41. g5 Ra4 42. g6 Ra8 43. Rg5 Rg8 44. f4 e6 45. Ng4 Rg7 46. Nf6+ Ke7 47. Nh5 Rg8 48. dxe6 Nxe6 49. Rg3 Nd4 50. Kf2 Nf5 51. Rg5 Ke6 1/2-1/2

[Event "Regionalliga NW 0607"]
[Site "Bayern"]
[Date "2007.02.04"]
[Round "5.7"]
[White "Stumpf, Hilmar"]
[Black "Kinkelin, Ulrich"]
[Result "0-1"]
[WhiteElo "1895"]
[BlackElo "1896"]
[PlyCount "86"]
[EventDate "2006.10.15"]
[EventType "team-tourn"]
[EventRounds "9"]
[EventCountry "GER"]
[SourceTitle "EXT 2008"]
[Source "ChessBase"]
[SourceDate "2007.11.25"]
[SourceVersion "1"]
[SourceVersionDate "2007.11.25"]
[SourceQuality "1"]
[WhiteTeam "Nordhalben"]
[BlackTeam "Wuerzburg II"]
[WhiteTeamCountry "GER"]
[BlackTeamCountry "GER"]

1. d4 Nf6 2. e3 d5 3. c4 c6 4. Nc3 Bf5 5. Qb3 Qd7 6. Nf3 e6 7. Be2 Be7 8. 0-0 0-0 9. Bd2 dxc4 10. Bxc4 b5 11. Be2 a5 12. a3 Na6 13. Ne5 Qd6 14. Bf3 b4 15. Na4 Ne4 16. Rfd1 Rab8 17. Qc4 c5 18. Be1 cxd4 19. Rxd4 Qxe5 20. Qxa6 bxa3 21. bxa3 Bf6 22. Rc1 Ng5 23. Bb7 Rxb7 24. Qxb7 Be4 25. Qa6 Nf3+ 26. Kf1 Nxh2+ 27. Ke2 Qh5+ 28. Kd2 Bxd4 29. exd4 Bxg2 30. Kc3 Bf1 31. Qb7 Nf3 32. Nc5 e5 33. d5 Bh3 34. Kb2 e4 35. Bc3 Qf5 36. Ka2 Ne5 37. Bxe5 Qxe5 38. Nd7 Bxd7 39. Qxd7 Qd4 40. Rc2 a4 41. Qd6 g6 42. Qd7 Kg7 43. d6 Qd5+ 0-1

[Event "Regionalliga NW 0405"]
[Site "Bayern"]
[Date "2005.01.30"]
[Round "6.8"]
[White "Tratberger, Rainer"]
[Black "Kinkelin, Ulrich"]
[Result "1/2-1/2"]
[WhiteElo "1926"]
[BlackElo "1905"]
[PlyCount "74"]
[EventDate "2004.10.24"]
[EventType "team-tourn"]
[EventRounds "9"]
[EventCountry "GER"]
[SourceTitle "EXT 2007"]
[Source "ChessBase"]
[SourceDate "2006.11.23"]
[SourceVersion "1"]
[SourceVersionDate "2006.11.23"]
[SourceQuality "1"]
[WhiteTeam "Burgsinn"]
[BlackTeam "Wuerzburg II"]
[WhiteTeamCountry "GER"]
[BlackTeamCountry "GER"]

1. d4 Nf6 2. Nf3 g6 3. Bf4 Bg7 4. e3 d6 5. h3 c5 6. c3 Qb6 7. Qb3 Qxb3 8. axb3 Nbd7 9. Nbd2 0-0 10. Be2 b6 11. 0-0 Bb7 12. Ba6 Bxa6 13. Rxa6 Nb8 14. Ra2 Nc6 15. Nc4 Nd7 16. d5 Nce5 17. Bxe5 Bxe5 18. Nfxe5 Nxe5 19. Nxe5 dxe5 20. Ra6 Rfd8 21. e4 Rd7 22. Rfa1 Rb7 23. Kf1 Kf8 24. Ke2 Ke8 25. Kd3 Kd7 26. R1a2 Kd6 27. b4 cxb4 28. c4 Kc5 29. R2a5+ Kd6 30. Rb5 Rc8 31. Rxb4 Kc7 32. Rb5 Kb8 33. b4 Ka8 34. c5 bxc5 35. Rxc5 Rcb8 36. Rca5 Rc8 37. Rc5 Rcb8 1/2-1/2

[Event "Regionalliga NW 0304"]
[Site "Bayern"]
[Date "2004.03.07"]
[Round "7.7"]
[White "Mikliaeva, Darja S"]
[Black "Kinkelin, Ulrich"]
[Result "1-0"]
[WhiteElo "2102"]
[BlackElo "1940"]
[PlyCount "65"]
[EventDate "2003.10.12"]
[EventType "team-tourn"]
[EventRounds "9"]
[EventCountry "GER"]
[SourceTitle "EXT 2006"]
[Source "ChessBase"]
[SourceDate "2005.11.24"]
[SourceVersion "1"]
[SourceVersionDate "2005.11.24"]
[SourceQuality "1"]
[WhiteTeam "Koenigshofen"]
[BlackTeam "Wuerzburg II"]
[WhiteTeamCountry "GER"]
[BlackTeamCountry "GER"]

1. e4 d5 2. exd5 Nf6 3. d4 Nxd5 4. c4 Nb6 5. h3 e5 6. c5 Nd5 7. dxe5 Bxc5 8. Nf3 0-0 9. Bc4 Nb6 10. Bd3 Nc6 11. 0-0 Nb4 12. Be4 Qxd1 13. Rxd1 Be6 14. Nc3 Rad8 15. Bg5 Rxd1+ 16. Rxd1 Nxa2 17. Nxa2 Bxa2 18. Bxb7 h6 19. Bh4 Nc4 20. Rc1 Rb8 21. Bd5 Rb4 22. Ne1 g5 23. Nd3 Rb5 24. Bxc4 Bxc4 25. Rxc4 Bb6 26. Bg3 Rb3 27. Rc3 Rb5 28. Kf1 Kf8 29. f3 Ke7 30. Bf2 Ba5 31. b4 Bxb4 32. Nxb4 Rxb4 33. Bc5+ 1-0

[Event "Regionalliga NW 0304"]
[Site "Bayern"]
[Date "2003.11.02"]
[Round "2.6"]
[White "Ruetzel, Wolfgang"]
[Black "Kinkelin, Ulrich"]
[Result "1/2-1/2"]
[WhiteElo "1977"]
[BlackElo "1940"]
[PlyCount "25"]
[EventDate "2003.10.12"]
[EventType "team-tourn"]
[EventRounds "9"]
[EventCountry "GER"]
[SourceTitle "EXT 2006"]
[Source "ChessBase"]
[SourceDate "2005.11.24"]
[SourceVersion "1"]
[SourceVersionDate "2005.11.24"]
[SourceQuality "1"]
[WhiteTeam "Burgsinn"]
[BlackTeam "Wuerzburg II"]
[WhiteTeamCountry "GER"]
[BlackTeamCountry "GER"]

1. c4 Nf6 2. Nc3 g6 3. g3 Bg7 4. Bg2 d6 5. e4 e5 6. Nge2 Be6 7. d3 0-0 8. h3 c6 9. 0-0 d5 10. cxd5 cxd5 11. d4 Nxe4 12. dxe5 Bxe5 13. Nxe4 1/2-1/2

[Event "Neckar op-B 7th"]
[Site "Deizisau"]
[Date "2003.04.20"]
[Round "7"]
[White "Kinkelin, Ulrich"]
[Black "Kunle, Markus"]
[Result "1/2-1/2"]
[WhiteElo "1925"]
[BlackElo "1923"]
[PlyCount "43"]
[EventDate "2003.04.18"]
[EventType "swiss"]
[EventRounds "6"]
[EventCountry "GER"]
[SourceTitle "CBM 093 Extra"]
[Source "ChessBase"]
[SourceDate "2003.05.09"]
[SourceVersion "1"]
[SourceVersionDate "2003.05.09"]
[SourceQuality "1"]

1. e4 e6 2. d4 d5 3. exd5 exd5 4. Bd3 Nc6 5. Nf3 Bg4 6. c3 Nf6 7. 0-0 Be7 8. h3 Bh5 9. Bf4 Qd7 10. Nbd2 0-0 11. Qc2 Bg6 12. Ne5 Nxe5 13. Bxe5 Bxd3 14. Qxd3 Rfe8 15. Rfe1 c6 16. Re3 h6 17. Rae1 Nh7 18. Nf3 Bf6 19. Qe2 Re6 20. Bxf6 Rxe3 21. Qxe3 Nxf6 22. Qe7 1/2-1/2

[Event "Regionalliga NW 0203"]
[Site "Bayern"]
[Date "2003.02.23"]
[Round "7.7"]
[White "Kinkelin, Ulrich"]
[Black "Mueller, Juergen1111"]
[Result "1-0"]
[WhiteElo "1925"]
[BlackElo "1633"]
[PlyCount "73"]
[EventDate "2002.10.20"]
[EventType "team-tourn"]
[EventRounds "9"]
[EventCountry "GER"]
[SourceTitle "EXT 2004"]
[Source "ChessBase"]
[SourceDate "2003.11.25"]
[SourceVersion "1"]
[SourceVersionDate "2003.11.25"]
[SourceQuality "1"]
[WhiteTeam "Wuerzburg II"]
[BlackTeam "Koenigshofen"]
[WhiteTeamCountry "GER"]
[BlackTeamCountry "GER"]

1. e4 Nc6 2. Nc3 e5 3. f4 exf4 4. Nf3 d6 5. Bc4 Be6 6. Bb3 Be7 7. 0-0 Nf6 8. d4 Bxb3 9. axb3 0-0 10. Bxf4 a6 11. Qe1 Qd7 12. h3 Rae8 13. Rd1 h6 14. Qe3 Nh7 15. Nd5 Bd8 16. c4 Ne7 17. Nc3 Ng6 18. Bh2 Ng5 19. Ne1 Nxe4 20. Nxe4 f5 21. Qg3 Qe6 22. Nc3 Bh4 23. Qf3 f4 24. Qd5 Rf6 25. Nd3 Kh7 26. Qxe6 Rexe6 27. Nxf4 Re3 28. Nfd5 Rxf1+ 29. Kxf1 Re8 30. Nxc7 Rf8+ 31. Kg1 Rf2 32. g3 Rxb2 33. gxh4 Nxh4 34. Bxd6 Rxb3 35. Rd3 Rb2 36. Ne6 Rb1+ 37. Nxb1 1-0

[Event "Regionalliga NW 0102"]
[Site "Bayern"]
[Date "2002.03.17"]
[Round "7.8"]
[White "Kuhn, Tobias"]
[Black "Kinkelin, Ulrich"]
[Result "1/2-1/2"]
[WhiteElo "1650"]
[BlackElo "1910"]
[PlyCount "119"]
[EventDate "2001.10.07"]
[EventType "team-tourn"]
[EventRounds "9"]
[EventCountry "GER"]
[SourceTitle "EXT 2003"]
[Source "ChessBase"]
[SourceDate "2002.11.25"]
[SourceVersion "1"]
[SourceVersionDate "2002.11.25"]
[SourceQuality "1"]
[WhiteTeam "Klingenberg"]
[BlackTeam "Wuerzburg II"]
[WhiteTeamCountry "GER"]
[BlackTeamCountry "GER"]

1. e4 d5 2. exd5 Nf6 3. d4 Nxd5 4. Nf3 Bf5 5. Bd3 Bg4 6. 0-0 e6 7. b3 c5 8. Bb5+ Nd7 9. c4 Nc7 10. Bxd7+ Qxd7 11. dxc5 Qxd1 12. Rxd1 Bxf3 13. gxf3 Bxc5 14. Be3 Be7 15. Nc3 Bf6 16. Rac1 b6 17. Ne4 Ke7 18. c5 Nd5 19. cxb6 axb6 20. Rc2 Rhc8 21. Rdc1 Rxc2 22. Rxc2 Be5 23. a4 h6 24. h3 Rd8 25. Nd2 Bf4 26. Bxf4 Nxf4 27. Rc7+ Kf6 28. Nc4 Nxh3+ 29. Kh2 Nxf2 30. Nxb6 Rd2 31. Kg1 Nh3+ 32. Kf1 Rf2+ 33. Ke1 Rxf3 34. Nd7+ Ke7 35. Rb7 Kd6 36. a5 Rf5 37. b4 Nf4 38. a6 Nd3+ 39. Kd2 Nxb4 40. Rxb4 Ra5 41. Rd4+ Kc7 42. Nf8 Rd5 43. Rxd5 exd5 44. Nd7 h5 45. Ke3 h4 46. a7 Kb7 47. a8Q+ Kxa8 48. Nb6+ Kb7 49. Nxd5 g6 50. Kf3 Kc6 51. Nc3 f5 52. Kf4 Kd6 53. Nd1 Ke6 54. Nf2 Kd5 55. Nh3 Ke6 56. Ng5+ Kf6 57. Nh7+ Kg7 58. Ng5 Kh6 59. Nf7+ Kh5 60. Ng5 1/2-1/2

[Event "Regionalliga NW 0102"]
[Site "Bayern"]
[Date "2001.11.11"]
[Round "2.8"]
[White "Kinkelin, Ulrich"]
[Black "Heimerdinger, Joerg"]
[Result "1-0"]
[WhiteElo "1910"]
[BlackElo "1905"]
[PlyCount "117"]
[EventDate "2001.10.07"]
[EventType "team-tourn"]
[EventRounds "9"]
[EventCountry "GER"]
[SourceTitle "EXT 2003"]
[Source "ChessBase"]
[SourceDate "2002.11.25"]
[SourceVersion "1"]
[SourceVersionDate "2002.11.25"]
[SourceQuality "1"]
[WhiteTeam "Wuerzburg II"]
[BlackTeam "Bindlach II"]
[WhiteTeamCountry "GER"]
[BlackTeamCountry "GER"]

1. e4 e6 2. d4 d5 3. exd5 exd5 4. Bd3 Bd6 5. Nf3 Bg4 6. h3 Qe7+ 7. Be3 Bh5 8. 0-0 Nf6 9. Re1 0-0 10. Nbd2 Nc6 11. Bg5 Qd8 12. c3 h6 13. Be3 Ne7 14. Qc2 Bg6 15. Ne5 Bxd3 16. Qxd3 Nh5 17. Qe2 Nf6 18. Qd3 Qc8 19. Bf4 g5 20. Bh2 Nf5 21. f4 Nh7 22. Re2 f6 23. Ng6 Rf7 24. g4 Ng7 25. f5 Bxh2+ 26. Kxh2 Qd7 27. Rae1 Re8 28. Rxe8+ Nxe8 29. Qe3 Nd6 30. Ne7+ Kg7 31. Nxd5 Nxf5 32. Qe6 Qd6+ 33. Qxd6 Nxd6 34. Re6 Nf8 35. Re7 c6 36. Rxf7+ Kxf7 37. Ne3 Ke6 38. Kg3 Ng6 39. c4 Nf4 40. c5 Nb5 41. Nf5 Ne2+ 42. Kf2 Nbxd4 43. Ke3 Kd5 44. Nxh6 Nf4 45. Ng8 Nc2+ 46. Kf3 Kxc5 47. h4 Nd5 48. h5 Kd4 49. h6 Nf4 50. Ne7 Kd3 51. Nb3 a5 52. h7 a4 53. Nc5+ Kd4 54. Nxb7 Ne1+ 55. Kg3 Ke3 56. Nf5+ Ke2 57. h8Q Kf1 58. Qh1+ Ke2 59. Nd4+ 1-0

[Event "Regionalliga NW 0001"]
[Site "Bayern"]
[Date "2001.02.18"]
[Round "6"]
[White "Kinkelin, Ulrich"]
[Black "Neubauer, Jaroslaus"]
[Result "0-1"]
[WhiteElo "1910"]
[BlackElo "1975"]
[PlyCount "88"]
[EventDate "2000.10.15"]
[EventType "team-tourn"]
[EventRounds "9"]
[EventCountry "GER"]
[SourceTitle "EXT 2020"]
[Source "ChessBase"]
[SourceDate "2019.10.17"]
[SourceVersion "1"]
[SourceVersionDate "2019.10.17"]
[SourceQuality "1"]
[WhiteTeam "Wuerzburg II"]
[BlackTeam "Schweinfurt Fr"]
[WhiteTeamCountry "GER"]
[BlackTeamCountry "GER"]

1. d4 d5 2. c4 dxc4 3. Nf3 Nf6 4. Nc3 e6 5. Bg5 c5 6. Qa4+ Nbd7 7. d5 exd5 8. Nxd5 Be7 9. Nxe7 Qxe7 10. e3 0-0 11. Qxc4 Ne5 12. Qf4 Nxf3+ 13. Qxf3 Qe4 14. Bxf6 Qxf3 15. gxf3 gxf6 16. Rg1+ Kh8 17. Bd3 Be6 18. Ke2 c4 19. Be4 f5 20. Bc2 Rg8 21. f4 b5 22. Rg5 Rxg5 23. fxg5 Kg7 24. Rd1 a5 25. Rd4 b4 26. Kd2 a4 27. a3 c3+ 28. bxc3 bxa3 29. Kc1 a2 30. Kb2 a3+ 31. Ka1 Rb8 32. Rb4 Rc8 33. Bb3 Rxc3 34. Kxa2 Rxb3 35. Rxb3 Bxb3+ 36. Kxb3 Kg6 37. f4 Kh5 38. Kxa3 Kg4 39. Kb3 Kf3 40. Kc3 Kxe3 41. Kc2 Kxf4 42. Kd2 Kf3 43. Ke1 Kg2 44. h4 f4 0-1

[Event "Regionalliga NW 0001"]
[Site "Bayern"]
[Date "2001.01.28"]
[Round "5.7"]
[White "Kinkelin, Ulrich"]
[Black "Mueller, Christian3333"]
[Result "1/2-1/2"]
[WhiteElo "1910"]
[BlackElo "1671"]
[PlyCount "107"]
[EventDate "2000.10.15"]
[EventType "team-tourn"]
[EventRounds "9"]
[EventCountry "GER"]
[SourceTitle "EXT 2020"]
[Source "ChessBase"]
[SourceDate "2019.10.17"]
[SourceVersion "1"]
[SourceVersionDate "2019.10.17"]
[SourceQuality "1"]
[WhiteTeam "Wuerzburg II"]
[BlackTeam "Coburg"]
[WhiteTeamCountry "GER"]
[BlackTeamCountry "GER"]

1. e4 Nf6 2. e5 Nd5 3. Nc3 Nxc3 4. dxc3 d6 5. Nf3 Nc6 6. Bf4 Bf5 7. Bb5 g6 8. Qe2 Bg7 9. 0-0-0 0-0 10. Bxc6 bxc6 11. Nd4 Qd7 12. h4 c5 13. Nxf5 Qxf5 14. Qe3 dxe5 15. Bh6 Bxh6 16. Qxh6 Rad8 17. Qe3 Qe6 18. b3 Rd5 19. c4 Rd4 20. c3 Rxd1+ 21. Rxd1 Qc6 22. Rd5 e6 23. Qxc5 Qa6 24. Qa5 Qb7 25. Rd1 Qxg2 26. Qc5 Qh3 27. Qxc7 Qxc3+ 28. Kb1 a5 29. Qc5 a4 30. Qe3 Qxe3 31. fxe3 axb3 32. axb3 f5 33. c5 f4 34. e4 f3 35. Kc2 h6 36. Rf1 g5 37. hxg5 hxg5 38. Kd3 g4 39. Ke3 Rb8 40. Rb1 Rf8 41. Kf2 Kf7 42. Kg3 Ke7 43. Rd1 f2 44. Rf1 Rf4 45. Rxf2 Rxe4 46. Rc2 Kd7 47. Rc3 Kc6 48. Kf2 Rf4+ 49. Kg3 Rb4 50. Kh4 Rb5 51. Kxg4 Rxc5 52. Rxc5+ Kxc5 53. Kf3 Kd4 54. Ke2 1/2-1/2